|
|
|
|
| LEADER |
00000nam0a2200000 4500 |
| 001 |
302480 |
| 005 |
20231102001516.0 |
| 020 |
|
|
|a RU
|b 84-35647ж
|
| 035 |
|
|
|a (RuTPU)RU\TPU\book\327687
|
| 090 |
|
|
|a 302480
|
| 100 |
|
|
|a 20150824a1982 k y0rusy5003 ca
|
| 101 |
0 |
|
|a rus
|
| 102 |
|
|
|a RU
|
| 105 |
|
|
|a ab z 001zy
|
| 200 |
1 |
|
|a Проблемы геологии и нефтегазоносности Северо-Восточного Кавказа и Закавказья
|e сборник научных трудов
|f Северо-Кавказский государственный научно-исследовательский и проектный институт нефтяной промышленности (СевКавНИПИнефть) ; под ред. П. Е. Пчелинцева
|
| 210 |
|
|
|a Грозный
|c Изд-во СевКавНИПИнефти
|d 1982
|
| 215 |
|
|
|a 95 с.
|c ил.
|
| 225 |
1 |
|
|a Труды Северо-Кавказского государственного научно-исследовательского и проектного института нефтяной промышленности (СевКавНИПИнефть)
|v Вып. 37
|
| 320 |
|
|
|a Библиогр. в конце ст.
|
| 606 |
1 |
|
|a Геология
|y Кавказ
|2 stltpush
|3 (RuTPU)RU\TPU\subj\72077
|9 85665
|
| 606 |
1 |
|
|a Нефтегазоносность
|2 stltpush
|3 (RuTPU)RU\TPU\subj\45590
|9 64783
|
| 610 |
1 |
|
|a Закавказье
|
| 610 |
1 |
|
|a нефтеносные районы
|
| 610 |
1 |
|
|a газоносные районы
|
| 610 |
1 |
|
|a мезозойские отложения
|
| 610 |
1 |
|
|a стратиграфия
|
| 610 |
1 |
|
|a литология
|
| 610 |
1 |
|
|a коллекторские свойства
|
| 610 |
1 |
|
|a оценка
|
| 610 |
1 |
|
|a перспективность
|
| 610 |
1 |
|
|a карбонатные породы
|
| 675 |
|
|
|a 55(479)
|z rus
|v 3
|
| 675 |
|
|
|a 553(479)
|z rus
|v 3
|
| 702 |
|
1 |
|a Пчелинцев
|b П. Е.
|4 340
|
| 712 |
0 |
2 |
|a Северо-Кавказский государственный научно-исследовательский и проектный институт нефтяной промышленности (СевКавНИПИнефть)
|2 stltpush
|3 (RuTPU)RU\TPU\col\12442
|
| 801 |
|
0 |
|a RU
|b RuMRKP
|c 19950704
|g psbo
|
| 801 |
|
1 |
|a RU
|b 63413507
|c 20150824
|
| 801 |
|
2 |
|a RU
|b 63413507
|c 20190620
|g RCR
|
| 942 |
|
|
|c BK
|